[Event "2012 U.S. Women's Championship"]
[Site "Saint Louis, MO, USA"]
[Date "2012.05.17"]
[Round "8.2"]
[White "Goletiani, Rusudan"]
[Black "Zatonskih, Anna"]
[Result "0-1"]
[LiveChessVersion "1.3.1"]
[BlackElo "2510"]
[WhiteElo "2333"]

1. Nf3 {[%clk 1:30:50]} d5 {[%clk 1:30:53]} 2. c4 {[%clk 1:31:14]} d4
{[%clk 1:28:21]} 3. b4 {[%clk 1:31:32]} c5 {[%clk 1:07:37]} 4. bxc5
{[%clk 1:24:44]} Nc6 {[%clk 1:06:13]} 5. g3 {[%clk 1:17:47]} e5 {[%clk 1:03:28]}
6. d3 {[%clk 1:17:46]} Bxc5 {[%clk 1:02:49]} 7. Bg2 {[%clk 1:17:56]} Nf6
{[%clk 0:58:20]} 8. O-O {[%clk 1:18:09]} O-O {[%clk 0:58:46]} 9. Ba3
{[%clk 1:12:16]} Bxa3 {[%clk 0:51:10]} 10. Nxa3 {[%clk 1:12:41]} Bf5
{[%clk 0:51:19]} 11. Rb1 {[%clk 1:06:00]} Rb8 {[%clk 0:45:14]} 12. Qa4
{[%clk 0:53:03]} Re8 {[%clk 0:39:14]} 13. Nh4 {[%clk 0:46:43]} Bd7
{[%clk 0:35:37]} 14. Nb5 {[%clk 0:46:36]} Na5 {[%clk 0:23:03]} 15. Qc2
{[%clk 0:42:08]} Bxb5 {[%clk 0:22:43]} 16. Rxb5 {[%clk 0:41:06]} b6
{[%clk 0:20:29]} 17. Rfb1 {[%clk 0:31:17]} Rc8 {[%clk 0:18:07]} 18. Qa4
{[%clk 0:26:19]} e4 {[%clk 0:15:18]} 19. Qa3 {[%clk 0:24:18]} g6 {[%clk 0:12:44]}
20. Qc1 {[%clk 0:22:18]} Nb7 {[%clk 0:09:12]} 21. a4 {[%clk 0:15:07]} Nd6
{[%clk 0:06:41]} 22. R5b2 {[%clk 0:11:32]} Rc5 {[%clk 0:07:05]} 23. Bf1
{[%clk 0:10:02]} Qd7 {[%clk 0:05:00]} 24. Ra1 {[%clk 0:08:40]} Ra5
{[%clk 0:04:39]} 25. Qd1 {[%clk 0:07:27]} g5 {[%clk 0:03:50]} 26. Ng2
{[%clk 0:07:55]} Ng4 {[%clk 0:03:23]} 27. e3 {[%clk 0:05:18]} dxe3
{[%clk 0:03:34]} 28. Nxe3 {[%clk 0:05:13]} Nxe3 {[%clk 0:03:41]} 29. fxe3
{[%clk 0:05:39]} exd3 {[%clk 0:03:57]} 30. Qxd3 {[%clk 0:05:50]} Qe7
{[%clk 0:04:14]} 31. Rd1 {[%clk 0:04:23]} Ne4 {[%clk 0:03:42]} 32. Qd7
{[%clk 0:02:48]} Nc5 {[%clk 0:03:33]} 33. Qxe7 {[%clk 0:01:44]} Rxe7
{[%clk 0:04:01]} 34. Rd5 {[%clk 0:01:46]} h6 {[%clk 0:03:51]} 35. h4
{[%clk 0:02:15]} f6 {[%clk 0:02:50]} 36. hxg5 {[%clk 0:01:19]} fxg5
{[%clk 0:02:08]} 37. Rd6 {[%clk 0:01:03]} Kg7 {[%clk 0:02:02]} 38. Rh2
{[%clk 0:01:00]} Re6 {[%clk 0:02:10]} 39. Rd8 {[%clk 0:00:46]} Rxa4
{[%clk 0:01:46]} 40. Rf2 {[%clk 0:31:13]} Rxe3 {[%clk 0:31:05]} 41. Kh2
{[%clk 0:25:37]} Re7 {[%clk 0:23:07]} 42. Rff8 {[%clk 0:21:14]} Ra2+
{[%clk 0:22:10]} 43. Kg1 {[%clk 0:20:54]} Ne6 {[%clk 0:18:45]} 44. Rg8+
{[%clk 0:21:15]} Kf6 {[%clk 0:19:12]} 45. Rd5 {[%clk 0:18:17]} Kf7
{[%clk 0:16:31]} 46. Rb8 {[%clk 0:15:30]} Kg7 {[%clk 0:13:41]} 47. Re5
{[%clk 0:14:57]} Rf7 {[%clk 0:09:54]} 48. Rxe6 {[%clk 0:07:47]} Ra1
{[%clk 0:10:17]} 49. Kg2 {[%clk 0:07:54]} Raxf1 {[%clk 0:10:25]} 50. Kh3
{[%clk 0:07:29]} R1f6 {[%clk 0:06:58]} 51. Re4 {[%clk 0:05:40]} Rf8
{[%clk 0:05:22]} 52. Rxf8 {[%clk 0:03:54]} Rxf8 {[%clk 0:05:42]} 53. Kg4
{[%clk 0:03:40]} Kg6 {[%clk 0:05:57]} 54. Re6+ {[%clk 0:03:16]} Rf6
{[%clk 0:06:21]} 55. Re7 {[%clk 0:03:10]} h5+ {[%clk 0:05:16]} 56. Kh3
{[%clk 0:03:38]} g4+ {[%clk 0:03:20]} 57. Kg2 {[%clk 0:03:21]} a5
{[%clk 0:03:25]} 58. Ra7 {[%clk 0:03:32]} Kf5 {[%clk 0:01:34]} 59. c5
{[%clk 0:01:37]} bxc5 {[%clk 0:01:48]} 60. Rxa5 {[%clk 0:02:05]} Rc6
{[%clk 0:02:06]} 61. Kf2 {[%clk 0:02:24]} Ke4 {[%clk 0:02:25]} 62. Ke2
{[%clk 0:02:52]} Kd4 {[%clk 0:02:38]} 63. Ra8 {[%clk 0:02:16]} Re6+
{[%clk 0:02:29]} 64. Kd2 {[%clk 0:02:05]} Rf6 {[%clk 0:02:51]} 65. Rd8+
{[%clk 0:01:28]} Kc4 {[%clk 0:03:14]} 66. Rh8 {[%clk 0:01:36]} Rf5
{[%clk 0:03:11]} 67. Rh7 {[%clk 0:01:05]} Kd4 {[%clk 0:03:20]} 68. Rd7+
{[%clk 0:01:25]} Ke4 {[%clk 0:03:09]} 69. Ke2 {[%clk 0:01:20]} c4
{[%clk 0:03:05]} 70. Rc7 {[%clk 0:00:55]} Kd4 {[%clk 0:03:30]} 71. Rd7+
{[%clk 0:00:51]} Kc3 {[%clk 0:03:54]} 72. Rc7 {[%clk 0:00:49]} Re5+
{[%clk 0:03:43]} 73. Kd1 {[%clk 0:01:03]} Rd5+ {[%clk 0:03:44]} 74. Kc1
{[%clk 0:01:20]} Rd3 {[%clk 0:02:54]} 75. Ra7 {[%clk 0:01:46]} Rd5
{[%clk 0:02:44]} 76. Ra3+ {[%clk 0:01:22]} Kd4 {[%clk 0:02:37]} 77. Kd2
{[%clk 0:01:37]} Rf5 {[%clk 0:02:41]} 78. Ra8 {[%clk 0:01:23]} Rf2+
{[%clk 0:02:49]} 79. Kd1 {[%clk 0:00:50]} Rh2 {[%clk 0:02:57]} 80. Ra3
{[%clk 0:01:12]} Rh3 {[%clk 0:01:54]} 81. Ra5 {[%clk 0:01:24]} Kd3
{[%clk 0:01:53]} 82. Rd5+ {[%clk 0:01:21]} Kc3 {[%clk 0:02:10]} 83. Rb5
{[%clk 0:01:35]} Rh1+ {[%clk 0:02:14]} 84. Ke2 {[%clk 0:02:04]} Kc2
{[%clk 0:02:28]} 85. Rb6 {[%clk 0:02:10]} c3 {[%clk 0:02:43]} 86. Rb5
{[%clk 0:02:06]} Rh2+ {[%clk 0:03:02]} 87. Ke3 {[%clk 0:02:06]} Kc1
{[%clk 0:01:14]} 88. Rb3 {[%clk 0:01:24]} c2 {[%clk 0:01:07]} 89. Rb5
{[%clk 0:01:52]} Rg2 {[%clk 0:00:58]} 90. Kf4 {[%clk 0:00:59]} Kd1
{[%clk 0:01:12]} 91. Rd5+ {[%clk 0:01:20]} Rd2 {[%clk 0:01:26]} 92. Rxh5
{[%clk 0:01:31]} Rd4+ {[%clk 0:00:53]} 93. Ke5 {[%clk 0:01:50]} Rc4
{[%clk 0:01:04]} 94. Rh1+ {[%clk 0:01:03]} Ke2 {[%clk 0:01:31]} 95. Kf5
{[%clk 0:01:04]} Kf3 {[%clk 0:01:33]} 0-1

[Event "2012 U.S. Women's Championship"]
[Site "Saint Louis, MO, USA"]
[Date "2012.05.17"]
[Round "8.3"]
[White "Ni, Viktorija"]
[Black "Foisor, Sabina"]
[Result "1/2-1/2"]
[LiveChessVersion "1.3.1"]
[BlackElo "2364"]
[WhiteElo "2228"]

1. d4 {[%clk 1:30:58]} d5 {[%clk 1:30:55]} 2. Nf3 {[%clk 1:31:23]} c6
{[%clk 1:31:13]} 3. c4 {[%clk 1:31:48]} Nf6 {[%clk 1:31:37]} 4. e3
{[%clk 1:32:14]} a6 {[%clk 1:32:01]} 5. Bd3 {[%clk 1:31:07]} Bg4 {[%clk 1:32:14]}
6. Nbd2 {[%clk 1:30:55]} Nbd7 {[%clk 1:31:17]} 7. Qc2 {[%clk 1:31:12]} e6
{[%clk 1:31:09]} 8. b3 {[%clk 1:29:58]} Bxf3 {[%clk 1:27:53]} 9. Nxf3
{[%clk 1:26:34]} Qa5+ {[%clk 1:28:11]} 10. Ke2 {[%clk 1:17:16]} Bd6
{[%clk 1:20:47]} 11. Bb2 {[%clk 1:16:16]} O-O {[%clk 1:19:35]} 12. Rhd1
{[%clk 1:10:20]} Rae8 {[%clk 1:11:36]} 13. Bc3 {[%clk 1:01:58]} Bb4
{[%clk 1:04:37]} 14. Bb2 {[%clk 0:59:54]} Ba3 {[%clk 0:57:24]} 15. Bc3
{[%clk 0:58:53]} Bb4 {[%clk 0:56:33]} 16. Bb2 {[%clk 0:58:32]} dxc4
{[%clk 0:45:52]} 17. bxc4 {[%clk 0:58:10]} Qh5 {[%clk 0:46:04]} 18. h3
{[%clk 0:56:43]} g6 {[%clk 0:41:25]} 19. Qa4 {[%clk 0:53:13]} Be7
{[%clk 0:23:15]} 20. g4 {[%clk 0:52:58]} Nb6 {[%clk 0:23:35]} 21. Qb3
{[%clk 0:27:26]} Qa5 {[%clk 0:24:00]} 22. a4 {[%clk 0:25:40]} Nbd7
{[%clk 0:20:45]} 23. Bc3 {[%clk 0:24:43]} Qc7 {[%clk 0:21:05]} 24. a5
{[%clk 0:23:22]} c5 {[%clk 0:19:31]} 25. Rab1 {[%clk 0:19:43]} cxd4
{[%clk 0:17:53]} 26. exd4 {[%clk 0:20:00]} Rb8 {[%clk 0:17:40]} 27. Kf1
{[%clk 0:16:27]} Rfd8 {[%clk 0:09:35]} 28. Qb2 {[%clk 0:16:26]} Qc6
{[%clk 0:08:40]} 29. Qe2 {[%clk 0:13:58]} Bf8 {[%clk 0:08:28]} 30. g5
{[%clk 0:12:25]} Nh5 {[%clk 0:08:39]} 31. Qe4 {[%clk 0:12:19]} Qc7
{[%clk 0:07:59]} 32. Ne5 {[%clk 0:11:20]} Nxe5 {[%clk 0:06:34]} 33. dxe5
{[%clk 0:11:31]} b5 {[%clk 0:02:27]} 34. axb6 {[%clk 0:11:38]} Rxb6
{[%clk 0:02:54]} 35. Be2 {[%clk 0:09:17]} Rxb1 {[%clk 0:02:31]} 36. Rxb1
{[%clk 0:09:41]} Ng7 {[%clk 0:02:15]} 37. Rb7 {[%clk 0:09:26]} Qc8
{[%clk 0:02:09]} 38. Ba5 {[%clk 0:09:32]} Rd4 {[%clk 0:01:46]} 39. Qf3
{[%clk 0:03:47]} Nf5 {[%clk 0:01:34]} 40. Ra7 {[%clk 0:32:10]} Rd7
{[%clk 0:30:49]} 41. Qa8 {[%clk 0:27:34]} Qxa8 {[%clk 0:21:22]} 42. Rxa8
{[%clk 0:28:02]} Kg7 {[%clk 0:20:38]} 43. Bb6 {[%clk 0:26:32]} Nd4
{[%clk 0:16:56]} 44. c5 {[%clk 0:24:05]} Be7 {[%clk 0:17:18]} 45. Rc8
{[%clk 0:21:49]} Bxg5 {[%clk 0:10:50]} 46. c6 {[%clk 0:20:09]} Nxc6
{[%clk 0:11:03]} 47. Rxc6 {[%clk 0:20:36]} Bf4 {[%clk 0:09:47]} 48. Bc7
{[%clk 0:18:37]} a5 {[%clk 0:05:44]} 49. Bd6 {[%clk 0:16:47]} g5 {[%clk 0:05:57]}
50. Ra6 {[%clk 0:16:07]} f6 {[%clk 0:04:38]} 51. Rxa5 {[%clk 0:13:47]} fxe5
{[%clk 0:04:43]} 52. Bxe5+ {[%clk 0:13:50]} Bxe5 {[%clk 0:05:09]} 53. Rxe5
{[%clk 0:14:17]} Kf6 {[%clk 0:05:32]} 54. Ra5 {[%clk 0:14:37]} Rd6
{[%clk 0:04:34]} 55. Ra6 {[%clk 0:13:59]} Rd4 {[%clk 0:01:36]} 56. Kg2
{[%clk 0:13:13]} Re4 {[%clk 0:01:30]} 57. Bg4 {[%clk 0:13:04]} h6
{[%clk 0:01:31]} 58. Ra7 {[%clk 0:12:47]} Kg6 {[%clk 0:01:22]} 59. Bd1
{[%clk 0:11:44]} Rc4 {[%clk 0:00:48]} 60. Ra6 {[%clk 0:10:12]} Kf6
{[%clk 0:01:03]} 61. Rxe6+ {[%clk 0:07:19]} Kxe6 {[%clk 0:01:29]} 62. Bb3
{[%clk 0:07:45]} Kd5 {[%clk 0:01:56]} 63. Kf3 {[%clk 0:08:00]} Kc5
{[%clk 0:01:47]} 64. Bxc4 {[%clk 0:08:06]} Kxc4 {[%clk 0:02:14]} 65. Kg4
{[%clk 0:04:50]} Kd4 {[%clk 0:02:31]} 66. Kh5 {[%clk 0:05:11]} Ke5
{[%clk 0:02:42]} 67. f3 {[%clk 0:01:20]} Kf5 {[%clk 0:02:49]} 68. Kxh6
{[%clk 0:00:48]} Kf6 {[%clk 0:03:15]} 1/2-1/2

[Event "2012 U.S. Women's Championship"]
[Site "Saint Louis, MO, USA"]
[Date "2012.05.17"]
[Round "8.4"]
[White "Abrahamyan, Tatev"]
[Black "Melekhina, Alisa"]
[Result "1-0"]
[LiveChessVersion "1.3.1"]
[BlackElo "2244"]
[WhiteElo "2329"]

1. e4 {[%clk 1:30:58]} c5 {[%clk 1:30:33]} 2. Nf3 {[%clk 1:31:23]} Nc6
{[%clk 1:30:56]} 3. d4 {[%clk 1:31:48]} cxd4 {[%clk 1:31:09]} 4. Nxd4
{[%clk 1:32:13]} Nf6 {[%clk 1:31:20]} 5. Nc3 {[%clk 1:32:38]} e5 {[%clk 1:31:23]}
6. Ndb5 {[%clk 1:33:03]} d6 {[%clk 1:31:20]} 7. Bg5 {[%clk 1:33:19]} a6
{[%clk 1:31:29]} 8. Na3 {[%clk 1:33:44]} b5 {[%clk 1:31:40]} 9. Bxf6
{[%clk 1:32:42]} gxf6 {[%clk 1:31:08]} 10. Nd5 {[%clk 1:33:07]} Bg7
{[%clk 1:29:53]} 11. Bd3 {[%clk 1:30:40]} Ne7 {[%clk 1:29:18]} 12. Nxe7
{[%clk 1:23:27]} Qxe7 {[%clk 1:29:39]} 13. O-O {[%clk 1:22:32]} f5
{[%clk 1:23:21]} 14. c4 {[%clk 1:11:55]} O-O {[%clk 1:20:46]} 15. cxb5
{[%clk 0:59:42]} d5 {[%clk 1:12:20]} 16. exd5 {[%clk 0:52:36]} e4
{[%clk 1:11:40]} 17. Qe2 {[%clk 0:50:17]} Qb4 {[%clk 1:03:08]} 18. Bc4
{[%clk 0:49:09]} Qxb2 {[%clk 0:48:17]} 19. Nc2 {[%clk 0:47:58]} axb5
{[%clk 0:42:25]} 20. Bb3 {[%clk 0:40:56]} Qe5 {[%clk 0:39:00]} 21. Rad1
{[%clk 0:32:33]} f4 {[%clk 0:34:26]} 22. Rfe1 {[%clk 0:28:36]} Re8
{[%clk 0:24:03]} 23. d6 {[%clk 0:16:32]} f3 {[%clk 0:17:05]} 24. gxf3
{[%clk 0:03:36]} Bh3 {[%clk 0:14:55]} 25. Kh1 {[%clk 0:03:36]} Qf4
{[%clk 0:12:51]} 26. d7 {[%clk 0:03:05]} Red8 {[%clk 0:02:02]} 27. Qxe4
{[%clk 0:03:17]} Qxe4 {[%clk 0:02:00]} 28. fxe4 {[%clk 0:03:16]} Rxd7
{[%clk 0:02:14]} 29. Rxd7 {[%clk 0:03:00]} Bxd7 {[%clk 0:02:41]} 30. Ne3
{[%clk 0:02:50]} Be6 {[%clk 0:02:06]} 31. Rd1 {[%clk 0:01:50]} Kf8
{[%clk 0:02:00]} 32. Rd6 {[%clk 0:01:25]} Bh3 {[%clk 0:01:09]} 33. Rd3
{[%clk 0:00:48]} Rc8 {[%clk 0:01:22]} 34. Nc2 {[%clk 0:00:49]} Bf1
{[%clk 0:01:07]} 35. Rd7 {[%clk 0:00:59]} Bc4 {[%clk 0:01:18]} 36. Ne3
{[%clk 0:01:18]} Ke8 {[%clk 0:01:08]} 37. Rb7 {[%clk 0:01:30]} Bd4
{[%clk 0:00:52]} 38. Nf5 {[%clk 0:01:15]} Rd8 {[%clk 0:00:46]} 39. Kg2
{[%clk 0:01:07]} Kf8 {[%clk 0:00:33]} 40. Bxc4 {[%clk 0:30:51]} bxc4
{[%clk 0:31:02]} 41. Rb4 {[%clk 0:30:32]} Be5 {[%clk 0:28:38]} 42. Rxc4
{[%clk 0:30:50]} f6 {[%clk 0:29:00]} 43. a4 {[%clk 0:26:49]} Kf7 {[%clk 0:28:25]}
44. h4 {[%clk 0:26:34]} Ra8 {[%clk 0:27:34]} 45. Kf3 {[%clk 0:24:50]} Rb8
{[%clk 0:26:00]} 46. h5 {[%clk 0:21:10]} Rb1 {[%clk 0:21:13]} 47. a5
{[%clk 0:16:10]} Ra1 {[%clk 0:21:00]} 48. Rc8 {[%clk 0:12:57]} Rxa5
{[%clk 0:19:02]} 49. Rh8 {[%clk 0:13:17]} Ra1 {[%clk 0:18:23]} 50. Kg2
{[%clk 0:08:15]} Ra4 {[%clk 0:17:37]} 51. Rxh7+ {[%clk 0:08:22]} Kg8
{[%clk 0:17:54]} 52. Rg7+ {[%clk 0:08:21]} Kh8 {[%clk 0:14:17]} 53. h6
{[%clk 0:08:34]} Bf4 {[%clk 0:14:36]} 54. Re7 {[%clk 0:08:57]} Ra5
{[%clk 0:12:34]} 55. Kf3 {[%clk 0:08:38]} Rxf5 {[%clk 0:08:14]} 56. exf5
{[%clk 0:09:04]} Bxh6 {[%clk 0:08:40]} 57. Kg4 {[%clk 0:09:09]} Kg8
{[%clk 0:07:08]} 58. Kh5 {[%clk 0:09:29]} Bg5 {[%clk 0:07:12]} 59. Kg6
{[%clk 0:09:50]} Kf8 {[%clk 0:07:32]} 60. Rf7+ {[%clk 0:09:52]} Ke8
{[%clk 0:07:50]} 61. Rxf6 {[%clk 0:10:09]} Bxf6 {[%clk 0:08:01]} 62. Kxf6
{[%clk 0:10:33]} Kf8 {[%clk 0:07:55]} 63. Ke6 {[%clk 0:10:55]} 1-0

[Event "2012 U.S. Women's Championship"]
[Site "Saint Louis, MO, USA"]
[Date "2012.05.17"]
[Round "8.5"]
[White "Zenyuk, Iryna"]
[Black "Baginskaite, Camilla"]
[Result "0-1"]
[LiveChessVersion "1.3.1"]
[BlackElo "2358"]
[WhiteElo "2224"]

1. d4 {[%clk 1:30:56]} Nf6 {[%clk 1:30:52]} 2. c4 {[%clk 1:31:21]} e6
{[%clk 1:31:10]} 3. Nc3 {[%clk 1:31:31]} Bb4 {[%clk 1:31:19]} 4. e3
{[%clk 1:31:41]} O-O {[%clk 1:31:24]} 5. Bd3 {[%clk 1:31:57]} c5 {[%clk 1:31:29]}
6. a3 {[%clk 1:18:45]} Bxc3+ {[%clk 1:23:22]} 7. bxc3 {[%clk 1:18:54]} b6
{[%clk 1:23:32]} 8. Ne2 {[%clk 1:17:16]} Ba6 {[%clk 1:20:18]} 9. e4
{[%clk 1:12:40]} Ne8 {[%clk 1:19:22]} 10. O-O {[%clk 1:08:02]} Nc6
{[%clk 1:19:07]} 11. Ng3 {[%clk 0:54:32]} Na5 {[%clk 1:04:20]} 12. Qe2
{[%clk 0:54:05]} cxd4 {[%clk 0:59:40]} 13. cxd4 {[%clk 0:43:59]} Rc8
{[%clk 0:48:06]} 14. c5 {[%clk 0:39:14]} Bxd3 {[%clk 0:46:54]} 15. Qxd3
{[%clk 0:39:41]} bxc5 {[%clk 0:47:15]} 16. dxc5 {[%clk 0:40:05]} Nb7
{[%clk 0:40:21]} 17. Be3 {[%clk 0:22:30]} Nxc5 {[%clk 0:40:25]} 18. Qb5
{[%clk 0:22:33]} d6 {[%clk 0:15:42]} 19. e5 {[%clk 0:20:43]} a6 {[%clk 0:13:17]}
20. Qe2 {[%clk 0:15:58]} dxe5 {[%clk 0:13:45]} 21. Bxc5 {[%clk 0:14:57]} Rxc5
{[%clk 0:14:13]} 22. Qxa6 {[%clk 0:15:23]} Ra5 {[%clk 0:11:26]} 23. Qe2
{[%clk 0:12:23]} Nf6 {[%clk 0:11:34]} 24. Rfd1 {[%clk 0:12:24]} Qa8
{[%clk 0:11:44]} 25. Qe3 {[%clk 0:09:21]} h6 {[%clk 0:11:44]} 26. h3
{[%clk 0:09:46]} Rc8 {[%clk 0:11:23]} 27. Rdc1 {[%clk 0:07:22]} Rxc1+
{[%clk 0:10:26]} 28. Rxc1 {[%clk 0:07:20]} e4 {[%clk 0:08:14]} 29. Ra1
{[%clk 0:05:23]} Ra4 {[%clk 0:08:43]} 30. Nf1 {[%clk 0:02:31]} Nd5
{[%clk 0:04:32]} 31. Qg3 {[%clk 0:03:00]} f5 {[%clk 0:03:10]} 32. Rb1
{[%clk 0:03:04]} Kh7 {[%clk 0:02:28]} 33. Qd6 {[%clk 0:01:58]} Ra6
{[%clk 0:02:03]} 34. Qd7 {[%clk 0:01:07]} Qc6 {[%clk 0:01:52]} 35. Qxc6
{[%clk 0:00:51]} Rxc6 {[%clk 0:02:21]} 36. Ra1 {[%clk 0:00:52]} Ra6
{[%clk 0:02:13]} 37. Ne3 {[%clk 0:01:04]} Nc3 {[%clk 0:01:47]} 38. Kf1
{[%clk 0:00:58]} Kg6 {[%clk 0:01:14]} 39. Ke1 {[%clk 0:01:08]} Kf6
{[%clk 0:01:08]} 40. Nc4 {[%clk 0:31:14]} Rc6 {[%clk 0:30:56]} 41. Nd2
{[%clk 0:27:24]} Na4 {[%clk 0:28:05]} 42. Rd1 {[%clk 0:19:14]} Rc2
{[%clk 0:27:00]} 43. Ra1 {[%clk 0:17:59]} g5 {[%clk 0:21:06]} 44. Kd1
{[%clk 0:15:56]} Rc3 {[%clk 0:20:18]} 45. Nb1 {[%clk 0:13:51]} Rb3
{[%clk 0:19:00]} 46. Nd2 {[%clk 0:13:29]} Rb2 {[%clk 0:19:07]} 47. Ke1
{[%clk 0:13:04]} h5 {[%clk 0:19:17]} 48. Rc1 {[%clk 0:12:35]} Ra2
{[%clk 0:19:01]} 49. Nc4 {[%clk 0:12:42]} Nc5 {[%clk 0:18:45]} 50. Nb2
{[%clk 0:09:15]} Nb3 {[%clk 0:14:02]} 51. Rb1 {[%clk 0:09:05]} Nd4
{[%clk 0:14:03]} 52. Nc4 {[%clk 0:06:41]} Nc2+ {[%clk 0:13:22]} 53. Kf1
{[%clk 0:07:02]} Nxa3 {[%clk 0:13:49]} 54. Nxa3 {[%clk 0:07:28]} Rxa3
{[%clk 0:14:14]} 55. g3 {[%clk 0:03:03]} h4 {[%clk 0:12:58]} 56. gxh4
{[%clk 0:03:12]} gxh4 {[%clk 0:13:21]} 57. Kg2 {[%clk 0:03:35]} Ra2
{[%clk 0:12:26]} 58. Kg1 {[%clk 0:03:35]} Ke5 {[%clk 0:12:21]} 59. Rb6
{[%clk 0:03:03]} Kf4 {[%clk 0:11:47]} 60. Rb3 {[%clk 0:02:50]} Rd2
{[%clk 0:10:46]} 61. Kg2 {[%clk 0:03:04]} Rd3 {[%clk 0:09:06]} 62. Rb6
{[%clk 0:03:20]} Ke5 {[%clk 0:08:13]} 63. Rb5+ {[%clk 0:01:32]} Rd5
{[%clk 0:08:42]} 64. Rb8 {[%clk 0:01:39]} f4 {[%clk 0:09:06]} 65. Rh8
{[%clk 0:01:52]} f3+ {[%clk 0:09:20]} 66. Kh2 {[%clk 0:01:34]} Rd2
{[%clk 0:09:41]} 67. Rh5+ {[%clk 0:01:57]} Kd4 {[%clk 0:09:58]} 68. Kg1
{[%clk 0:02:08]} Rd1+ {[%clk 0:10:23]} 69. Kh2 {[%clk 0:02:34]} Rd2
{[%clk 0:10:14]} 70. Kg1 {[%clk 0:02:50]} e3 {[%clk 0:10:00]} 71. fxe3+
{[%clk 0:01:48]} Ke4 {[%clk 0:07:41]} 72. Ra5 {[%clk 0:00:44]} e5
{[%clk 0:07:45]} 73. Rb5 {[%clk 0:00:57]} Re2 {[%clk 0:06:52]} 74. Kf1
{[%clk 0:00:48]} Rh2 {[%clk 0:06:36]} 75. Rb4+ {[%clk 0:00:41]} Kxe3
{[%clk 0:06:55]} 76. Rb3+ {[%clk 0:00:45]} Kf4 {[%clk 0:07:06]} 77. Kg1
{[%clk 0:00:46]} Rxh3 {[%clk 0:07:12]} 78. Rb2 {[%clk 0:00:59]} e4
{[%clk 0:07:17]} 79. Rb8 {[%clk 0:00:55]} Rg3+ {[%clk 0:07:20]} 80. Kh2
{[%clk 0:01:16]} f2 {[%clk 0:07:12]} 81. Rf8+ {[%clk 0:00:35]} Ke3
{[%clk 0:07:29]} 82. Rf7 {[%clk 0:00:43]} Rg1 {[%clk 0:07:32]} 83. Rf6
{[%clk 0:00:39]} f1=Q {[%clk 0:07:16]} 84. Rf3+ {[%clk 0:00:58]} Qxf3
{[%clk 0:07:40]} 0-1

[Event "2012 U.S. Women's Championship"]
[Site "Saint Louis, MO, USA"]
[Date "2012.05.19"]
[Round "9.1"]
[White "Baginskaite, Camilla"]
[Black "Krush, Irina"]
[Result "0-1"]
[LiveChessVersion "1.3.1"]
[BlackElo "2457"]
[WhiteElo "2358"]

1. d4 {[%clk 1:30:54]} g6 {[%clk 1:30:45]} 2. c4 {[%clk 1:30:27]} Bg7
{[%clk 1:30:57]} 3. Nf3 {[%clk 1:28:08]} d6 {[%clk 1:30:22]} 4. g3
{[%clk 1:27:31]} c5 {[%clk 1:30:18]} 5. Bg2 {[%clk 1:15:52]} Nc6 {[%clk 1:30:10]}
6. d5 {[%clk 1:13:14]} Na5 {[%clk 1:30:13]} 7. O-O {[%clk 1:06:42]} a6
{[%clk 1:30:28]} 8. Nbd2 {[%clk 1:01:54]} b5 {[%clk 1:24:43]} 9. Rb1
{[%clk 0:59:49]} bxc4 {[%clk 1:14:00]} 10. Nxc4 {[%clk 0:46:56]} Nxc4
{[%clk 1:10:55]} 11. Qa4+ {[%clk 0:47:21]} Bd7 {[%clk 1:05:58]} 12. Qxc4
{[%clk 0:47:44]} Nf6 {[%clk 1:06:21]} 13. Nd2 {[%clk 0:39:51]} Bb5
{[%clk 1:04:07]} 14. Qc2 {[%clk 0:40:11]} Bxe2 {[%clk 1:03:40]} 15. Re1
{[%clk 0:39:43]} Bg4 {[%clk 1:03:13]} 16. b4 {[%clk 0:38:12]} O-O
{[%clk 0:48:19]} 17. bxc5 {[%clk 0:37:11]} Bf5 {[%clk 0:48:40]} 18. Ne4
{[%clk 0:36:59]} dxc5 {[%clk 0:48:23]} 19. Bg5 {[%clk 0:29:23]} Rc8
{[%clk 0:39:07]} 20. Qc4 {[%clk 0:25:05]} Qa5 {[%clk 0:33:28]} 21. Bd2
{[%clk 0:19:56]} Qd8 {[%clk 0:30:51]} 22. Bg5 {[%clk 0:19:42]} Nxd5
{[%clk 0:29:58]} 23. Rbd1 {[%clk 0:17:57]} Bd4 {[%clk 0:26:57]} 24. Bh6
{[%clk 0:04:56]} Bxe4 {[%clk 0:26:48]} 25. Bxe4 {[%clk 0:03:04]} Nc3
{[%clk 0:26:58]} 26. Rd3 {[%clk 0:01:45]} Nxe4 {[%clk 0:27:19]} 27. Rxe4
{[%clk 0:02:06]} Re8 {[%clk 0:27:09]} 28. Qxa6 {[%clk 0:02:01]} e5
{[%clk 0:21:47]} 29. Qc4 {[%clk 0:00:50]} Qf6 {[%clk 0:21:51]} 30. Be3
{[%clk 0:00:52]} Qf5 {[%clk 0:12:29]} 31. Rh4 {[%clk 0:01:16]} Rb8
{[%clk 0:11:47]} 32. Kg2 {[%clk 0:01:07]} Rb2 {[%clk 0:09:00]} 33. Bxd4
{[%clk 0:01:03]} cxd4 {[%clk 0:09:14]} 34. Rf3 {[%clk 0:00:57]} Qe6
{[%clk 0:09:33]} 35. Qc1 {[%clk 0:01:01]} Rb7 {[%clk 0:08:55]} 36. Qh6
{[%clk 0:01:00]} f5 {[%clk 0:08:43]} 37. Rb3 {[%clk 0:00:54]} Qd5+
{[%clk 0:07:14]} 38. Kh3 {[%clk 0:01:02]} Rg7 {[%clk 0:05:50]} 39. Qd2
{[%clk 0:00:44]} g5 {[%clk 0:05:04]} 0-1

[Event "2012 U.S. Women's Championship"]
[Site "Saint Louis, MO, USA"]
[Date "2012.05.19"]
[Round "9.2"]
[White "Foisor, Sabina"]
[Black "Zenyuk, Iryna"]
[Result "0-1"]
[LiveChessVersion "1.3.1"]
[BlackElo "2224"]
[WhiteElo "2364"]

1. d4 {[%clk 1:30:58]} Nf6 {[%clk 1:30:57]} 2. Bg5 {[%clk 1:31:21]} d5
{[%clk 1:28:40]} 3. Bxf6 {[%clk 1:31:44]} exf6 {[%clk 1:29:05]} 4. e3
{[%clk 1:30:30]} Be6 {[%clk 1:26:29]} 5. g3 {[%clk 1:21:05]} Bd6 {[%clk 1:24:14]}
6. Bg2 {[%clk 1:20:59]} c6 {[%clk 1:23:43]} 7. Ne2 {[%clk 1:15:35]} f5
{[%clk 1:21:37]} 8. Nd2 {[%clk 1:10:57]} Nd7 {[%clk 1:21:26]} 9. Nf4
{[%clk 1:06:14]} Nf6 {[%clk 1:18:22]} 10. h4 {[%clk 1:00:14]} Qb6
{[%clk 1:10:02]} 11. Nd3 {[%clk 0:53:43]} Ne4 {[%clk 1:08:49]} 12. O-O
{[%clk 0:50:48]} h6 {[%clk 1:03:13]} 13. a4 {[%clk 0:38:07]} g5 {[%clk 1:01:11]}
14. h5 {[%clk 0:38:23]} Rg8 {[%clk 0:57:49]} 15. a5 {[%clk 0:28:51]} Qc7
{[%clk 0:54:27]} 16. Re1 {[%clk 0:19:31]} O-O-O {[%clk 0:50:01]} 17. a6
{[%clk 0:13:37]} b6 {[%clk 0:43:35]} 18. Qe2 {[%clk 0:12:52]} Kb8
{[%clk 0:42:01]} 19. Rec1 {[%clk 0:09:41]} Nxd2 {[%clk 0:40:00]} 20. Qxd2
{[%clk 0:10:07]} f4 {[%clk 0:40:24]} 21. e4 {[%clk 0:04:34]} dxe4
{[%clk 0:40:32]} 22. Bxe4 {[%clk 0:04:57]} fxg3 {[%clk 0:40:54]} 23. fxg3
{[%clk 0:04:12]} f5 {[%clk 0:40:32]} 24. Bf3 {[%clk 0:03:32]} Bxg3
{[%clk 0:38:16]} 25. Nb4 {[%clk 0:03:57]} Bf4 {[%clk 0:32:54]} 26. Qc3
{[%clk 0:04:22]} Bd7 {[%clk 0:12:49]} 27. Re1 {[%clk 0:04:21]} c5
{[%clk 0:12:47]} 28. Nd5 {[%clk 0:03:39]} cxd4 {[%clk 0:12:57]} 29. Qxd4
{[%clk 0:03:07]} Bc6 {[%clk 0:08:21]} 30. c4 {[%clk 0:02:21]} Bxd5
{[%clk 0:08:10]} 31. Bxd5 {[%clk 0:02:44]} Rge8 {[%clk 0:07:11]} 32. Kh1
{[%clk 0:02:31]} Be5 {[%clk 0:07:06]} 33. Qd3 {[%clk 0:02:04]} f4
{[%clk 0:05:40]} 34. Qg6 {[%clk 0:02:16]} Qd7 {[%clk 0:04:42]} 35. Ra3
{[%clk 0:01:32]} Bd6 {[%clk 0:04:05]} 36. Rxe8 {[%clk 0:01:26]} Rxe8
{[%clk 0:04:33]} 37. Rb3 {[%clk 0:01:14]} Qe7 {[%clk 0:03:36]} 38. Qb1
{[%clk 0:00:38]} g4 {[%clk 0:03:45]} 39. Bc6 {[%clk 0:00:35]} Qh4+
{[%clk 0:03:45]} 40. Kg2 {[%clk 0:30:59]} Re2+ {[%clk 0:33:51]} 0-1